| 000 | 00688nam a22001577a 4500 | ||
|---|---|---|---|
| 003 | OSt | ||
| 005 | 20151006084815.0 | ||
| 008 | 151006b xxu||||| |||| 00| 0 eng d | ||
| 040 | _cRUA | ||
| 082 | _aAVM SIM 2005 B074 Or.1 | ||
| 100 |
_92089 _aSIM, SOVATHANAK. |
||
| 245 | _aeffect of fresh cassava leaves and water spinach utilization on growth of crossbred pigs (ឥទ្ធិពលនៃការប្រើប្រាស់ស្លឹកដំឡូងមីស្រស់និងត្រកួនស្រស់លើការលូតលាស់ជ្រូកកូនកាត់) | ||
| 260 |
_aPhnom Penh _bRUA _c2005 |
||
| 300 |
_ax, 39p. _bill. _c29cm. |
||
| 942 |
_2ddc _cAVM |
||
| 999 |
_c1973 _d1973 |
||